QUEST Central Library Banner

The Android Developer's Cookbook: Building Applications with the Android SDK (Record no. 14419)

MARC details
000 -LEADER
fixed length control field 00770nam a2200265 a 4500
003 - CONTROL NUMBER IDENTIFIER
control field PK-NaQUE
005 - DATE AND TIME OF LATEST TRANSACTION
control field 20240925095955.0
008 - FIXED-LENGTH DATA ELEMENTS--GENERAL INFORMATION
fixed length control field 240925b ||||| |||| 00| 0 eng d
020 ## - INTERNATIONAL STANDARD BOOK NUMBER
International Standard Book Number 0321897536(paperback)
020 ## - INTERNATIONAL STANDARD BOOK NUMBER
International Standard Book Number 978-0321897534(paperback)
040 ## - CATALOGING SOURCE
Transcribing agency QUEST
100 1# - MAIN ENTRY--PERSONAL NAME
Personal name Schwarz, Ronan.
245 14 - TITLE STATEMENT
Title The Android Developer's Cookbook: Building Applications with the Android SDK
250 ## - EDITION STATEMENT
Edition statement 2nd ed.
260 ## - PUBLICATION, DISTRIBUTION, ETC. (IMPRINT)
Place of publication, distribution, etc [S.l.] :
Name of publisher, distributor, etc Addison-Wesley Professional,
Date of publication, distribution, etc 2013.
300 ## - PHYSICAL DESCRIPTION
Extent 464 p. ;
490 1# - SERIES STATEMENT
Series statement 2nd edition) (developer's library.
650 ## - SUBJECT ADDED ENTRY--TOPICAL TERM
Topical term or geographic name as entry element Android
650 ## - SUBJECT ADDED ENTRY--TOPICAL TERM
Topical term or geographic name as entry element Android SDK
650 ## - SUBJECT ADDED ENTRY--TOPICAL TERM
Topical term or geographic name as entry element Cookbook
700 ## - ADDED ENTRY--PERSONAL NAME
Personal name Dutson, Phi
700 ## - ADDED ENTRY--PERSONAL NAME
Personal name Steele, J
856 ## - ELECTRONIC LOCATION AND ACCESS
Uniform Resource Identifier <a href="http://10.10.170.122:8080/browse/book/25942">http://10.10.170.122:8080/browse/book/25942</a>
Link text eBook
942 ## - ADDED ENTRY ELEMENTS (KOHA)
Koha item type Books
Source of classification or shelving scheme Dewey Decimal Classification
Holdings
Withdrawn status Lost status Damaged status Not for loan Home library Current library Date acquired Cost, normal purchase price Total Checkouts Full call number Barcode Date last seen Price effective from Koha item type
        Central Library, QUEST, Nawabshah Central Library, QUEST, Nawabshah 28/10/2015 1040.00   005.133SCH 52345 28/10/2015 28/10/2015 Books
        Central Library, QUEST, Nawabshah Central Library, QUEST, Nawabshah 28/10/2015 1040.00   005.133SCH 52346 28/10/2015 28/10/2015 Books

Copyright © 2018,The QUEST, Nawabshah, Shaheed Benazirabad. All rights reserved
Mr. G. Farooq Channar (Librarian) QUEST, Nawabshah, Sindh, Pakistan 67480.
 Ph#: |   0244-9370381-4 Ext. 2308   Email| lib@quest.edu.pk   Web|  http://www.quest.edu.pk